000 00385nam 22001573 4500
001 202115
090 _a202115
100 _a20260511d u||y0pory50 ba
200 _aKarl Marx: biografia
210 _aLisboa
_cAvante
_d1983
215 _a799 p.
_cil. ; encadernado
_d22 cm
606 _91250
_aBiografias
675 _a929
_vPT
_zpor
801 _aPT
_bBMMN
_gRPC
830 _cVanda
990 _cLIVROS